Statistics for My Little Pony: Friendship is Magic Characters

Click here to take the quiz!

General Stats

  • This quiz has been taken 2,611 times
    (2,463 since last reset)
  • The average score is 30 of 98

Answer Stats

Answer % Correct
Rainbow Dash
97%
Applejack
96%
Twilight Sparkle
95%
Rarity
94%
Pinkie Pie
94%
Fluttershy
94%
Princess Luna
84%
Princess Celestia
84%
Apple Bloom
76%
Spike
70%
Scootaloo
69%
Sweetie Bell
69%
Princess Cadance
68%
Discord
67%
Nightmare Moon
59%
Big Macintosh
58%
Granny Smith
57%
Shining Armor
56%
Angel
54%
Diamond Tiara
54%
Silver Spoon
52%
Tank
50%
Derpy Hooves
50%
Gummy
50%
Lyra Heartstrings
40%
Bon Bon
40%
Winona
40%
Queen Chrysalis
38%
Trixie
35%
Snips
35%
Photo Finish
35%
Snails
35%
Braeburn
34%
Cup Cake
33%
Carrot Cake
32%
Daring Do
32%
Vinyl Scratch
30%
Starswirl the Bearded
29%
Fancypants
27%
Prince Blueblood
26%
Zecora
26%
Opalescence
26%
Sapphire Shores
25%
Mayor Mare
25%
Twist
25%
Doctor Whooves
25%
Spitfire
25%
Owloysius
24%
Octavia
24%
Cheerilee
24%
Featherweight
23%
Hoity Toity
23%
Pound Cake
22%
Soarin'
21%
Pumpkin Cake
19%
Pipsqueak
18%
Gilda
18%
Flam
16%
Flim
16%
Golden Harvest
15%
Roseluck
14%
Philomeena
14%
Fleur de Lis
13%
Little Strongheart
13%
Filthy Rich
12%
Cherry Jubilee
11%
Tom
11%
Sheriff Silverstar
11%
Chief Thunderhooves
10%
Daisy
10%
Cranky Doodle
10%
Berry Punch
9%
Pony Joe
9%
Lily
8%
Dinky Doo
8%
Matilda
7%
Iron Will
7%
Rocky
7%
Clover the Clever
6%
Uncle Orange
6%
Chancellor Puddinghead
6%
Diamond Dogs
6%
Madame LeFlour
6%
Aunt Orange
6%
Commander Hurricane
6%
Mysterious Mare Do Well
5%
Princess Platinum
5%
Smart Cookie
5%
Nurse Redheart
5%
Smarty Pants
4%
Stinking Rich
4%
Mr. Turnip
4%
Ahuitzotl
3%
Sir Lints-a-Lot
3%
Bloomberg
3%
Mulia Mild
3%
Gustav le Grand
3%
Private Pansy
3%

Score Distribution

Percentile by Number Answered

Percent of People with Each Score

Your Score History

You have not taken this quiz since the last reset